Normale Ansicht MARC-Ansicht ISBD

Fanfarengarde feiert 50. Geburtstag. (Titelsatznr. 372476)

[ MARC ]
MARC-Details
000 -Satzkennung
Kontrollfeld mit fester Länge 00753nab a2200193 4500
001 - Kontrollnummer
Kontrollfeld 244442
003 - Kontrollnummer Identifier
Kontrollfeld OSt
005 - Datum und Zeit der letzten Transaktion
Kontrollfeld 20230531080945.0
007 - Feld mit fester Länge zur physischen Beschreibung - Allgemeine Information
Kontrollfeld mit fester Länge tu
008 - Feld mit fester Länge zur physischen Beschreibung - Allgemeine Angaben
Kontrollfeld mit fester Länge 200917s2020|||||||
040 ## - Katalogisierungsquelle
Original-Katalogisierungsstelle DE-2950
Übertragungsstelle DE-2950
245 00 - Titel
Titel Fanfarengarde feiert 50. Geburtstag.
Zusatz zum Titel Jubiläum. Gegründet wurde sie im Jahr 1973 im Halbleiterwerk, seit 1990 ist die Musikgruppe ein eingetragener Verein. Hans-Jörg Laurisch ist fast von Anfang an künstlerischer Leiter. Zum 1. Juli gibt er den Dirigentenstab an seinen Nachfolger ab /
Verfasserangabe etc. Jörg Kotterba
264 ## - Produktion, Veröffentlichung, Distribution, Herstellung und Urheberrechtsvermerk
Datum der Herstellung, der Veröffentlichung, des Vertriebs oder des Urheberschutzvermerks 2023
653 ## - Indexierungsterm - Nicht normiert
Nicht-normierter Term Frankfurt (Oder)
653 ## - Indexierungsterm - Nicht normiert
Nicht-normierter Term Fanfarengarde
653 ## - Indexierungsterm - Nicht normiert
Nicht-normierter Term Jubiläum
773 0# - Übergeordnete Einheit
Verknüpfungsangaben 34. Jahrgang (2023) Nr. 115 vom 19.05.2023, S. 15: mit Foto
Titel Märkische Oderzeitung
942 ## - Zusätzliche Felder (Koha)
Klassifikation oder Aufstellungssystematik Andere/Generische Klassifikation
Koha-Medientyp Aufsätze
Exemplare
Ausgeschieden Verloren Klassifikation oder Aufstellungssystematik Beschädigt Nicht entleihbar Heimatbibliothek Aufenthaltsbibliothek Aufstellungsort Erwerbungsdatum Anzahl Ausleihen Signatur Letzte Aktivität Preis gültig von Koha-Medientyp
    Andere/Generische Klassifikation     Stadtarchiv Frankfurt (Oder) | Archivbibliothek Stadtarchiv Frankfurt (Oder) | Archivbibliothek Magazin 31/05/2023   Z2 31/05/2023 31/05/2023 Aufsätze